000 00685nam a22002657a 4500
001 0113
003 DO-SdBNP
005 20151112143415.0
007 0113
008 151005b1986 sp 00| 0 spa d
040 _aBPMSU
_bspa
_cBPMSU
092 _aXXXX
_bXXXX
100 1 _aSchmid, J. C.
240 1 0 _aGenevieve von brabant /
_lgw
245 1 0 _aGenoveva de Brabante /
_cJ. c. Schmid ; ilustraciones Ma. Barrera Castell
250 _a2a. ed.
260 _aBarcelona :
_bBruguera,
_c1986.
300 _a223 p. :
_bil.
_c13 cm.
490 1 _aBruguera
_v33
700 1 2 _aBarrera Castell, Ma.
_eil.
830 0 _aBruguera
_n33
910 _a202
942 _2ddc
_cBK
956 _aYngrid Lockward
999 _c8660
_d8660